00317nam a2200121Ia 4500008004100000040001600041041001200057082001300069100001700082245005100099260003400150300001100184230917s9999||||xx |||||||||||||| ||und|| e52047aMAIN aEnglish aB F39R:B aReddy, C G K 0aBaroda dynamite conspiracy: The right to rebel aNew DelhibVision Booksc1977 a176 p.